Tvorivosť ako proces a inovácia

Pojem tvorivosť. Moderné chápanie kreativity. Kreatívny proces. Kognitívny potenciál tvorivosti. Technika divergentného myslenia. Tvorivosť v kontexte inovácie.

Gespeichert in:
Bibliographische Detailangaben
1. Verfasser: Potančok, Milan
Format: Buchkapitel
Sprache:Slowakisch
Schlagworte:
Tags: Tag hinzufügen
Keine Tags, Fügen Sie das erste Tag hinzu!

MARC

LEADER 00000naa a2200000 4500
001 0152921
005 20220715093337.8
041 0 |a slo 
044 |a SK 
245 1 0 |a Tvorivosť ako proces a inovácia  |c Milan Potančok 
520 |a Pojem tvorivosť. Moderné chápanie kreativity. Kreatívny proces. Kognitívny potenciál tvorivosti. Technika divergentného myslenia. Tvorivosť v kontexte inovácie. 
610 2 0 |a kreativita 
610 2 0 |a inovácia 
610 2 0 |a história 
610 2 0 |a pojmy 
100 1 |a Potančok, Milan